Полное собрание сочинений. Т. 6: Пьесы. 1871-1874 (Запись № 8432838)

Подробности
000 -МАРКЕР
контрольное поле 01244nam2a22002771 4500
001 - ИДЕНТИФИКАТОР ЗАПИСИ
контрольное поле rc\4074624
005 - ИДЕНТИФИКАТОР ВЕРСИИ
контрольное поле 20250610234352.0
021 ## - НОМЕР ГОСУДАРСТВЕННОЙ РЕГИСТРАЦИИ
Код страны Российская Федерация
Номер [51-816]
035 ## - ДРУГИЕ СИСТЕМНЫЕ НОМЕРА
Идентификатор записи (NLR Aleph) 007966571
100 ## - ДАННЫЕ ОБЩЕЙ ОБРАБОТКИ
Данные общей обработки 20130415d1950 |||y0rusy50 ca
101 0# - ЯЗЫК РЕСУРСА
Язык текста, звукозаписи и т.д. русский
102 ## - СТРАНА ПУБЛИКАЦИИ ИЛИ ПРОИЗВОДСТВА
Страна публикации Российская Федерация
105 ## - ПОЛЕ КОДИРОВАННЫХ ДАННЫХ: ТЕКСТОВЫЕ МАТЕРИАЛЫ, МОНОГРАФИЧЕСКИЕ
Кодированные данные о монографическом текстовом документе a z |||a|
200 1# - ЗАГЛАВИЕ И СВЕДЕНИЯ ОБ ОТВЕТСТВЕННОСТИ
Основное заглавие Пьесы. 1871-1874
Первые сведения об ответственности [Сост. К.Н. Державин
Последующие сведения об ответственности Подгот. и коммент. Н.В. Водовозова]
210 ## - ПУБЛИКАЦИЯ, РАСПРОСТРАНЕНИЕ И ДР.
Имя издателя, распространителя и т. д. Гослитиздат
Дата издания, распространения и т.д. 1950
Место издания, распространения и т.д. Б. м.
215 ## - ФИЗИЧЕСКАЯ ХАРАКТЕРИСТИКА
Специфическое обозначение материала и объем 376 с., 7 л. ил.
461 #0 - УРОВЕНЬ НАБОРА
Встроенное поле 001rc\4074618
-- 2001#$aПолное собрание сочинений$eТ. 1-$vТ. 6
-- 700#1$aОстровский$bА.Н.$cдраматург$f1823-1886$gАлександр Николаевич$3RU\NLR\AUTH\776244
Системный номер (АБИС) связанной записи 8432803
Автор Островский, А. Н. (драматург ; 1823-1886)
Место публикации Москва
Дата публикации 1949
Имя издателя, распространителя и т.д. Гослитиздат
Сведения, относящиеся к заглавию Т. 1-
Заглавие Полное собрание сочинений
Номер тома Т. 6
702 #1 - ИМЯ ЛИЦА - ВТОРИЧНАЯ ОТВЕТСТВЕННОСТЬ
Начальный элемент ввода Водовозов
Часть имени, кроме начального элемента ввода Н.В.
Код отношения Комментатор печатного текста
702 #1 - ИМЯ ЛИЦА - ВТОРИЧНАЯ ОТВЕТСТВЕННОСТЬ
Начальный элемент ввода Державин
Часть имени, кроме начального элемента ввода К.Н.
Расширение инициалов личного имени Константин Николаевич
Код отношения Составитель
801 #0 - ИСТОЧНИК ЗАПИСИ
Страна Российская Федерация
Организация NLR
Правила каталогизации psbo
801 #1 - ИСТОЧНИК ЗАПИСИ
Страна Российская Федерация
Организация ELAR
Источник данных rusmarc
852 ## - МЕСТОНАХОЖДЕНИЕ И ШИФР ХРАНЕНИЯ
Идентификатор организации NLR
Шифр хранения (Call Number) Л30 Г-3/1711
942 ## - ДОПОЛНИТЕЛЬНЫЕ ЭЛЕМЕНТЫ ЗАПИСИ (АБИС)
Тип экземпляра АБИС Книга
980 ## - КОЛЛЕКЦИЯ
Название коллекции Национальная библиография
Экземпляры
Тип экземпляра Дата поступления Библиотека постоянного хранения Библиотека текущего хранения Место хранения Шифр хранения Штрих-код Статус экземпляра Источник поступления Стоимость
Книга 26.10.2013 РНБ (Садовая) РНБ (Садовая) Русский книжный фонд -Главное здание, Ленинский читальный зал Л30 Г-3/1711 7966571-10      
Книга 11.02.2025 РНБ (Садовая) РНБ (Садовая) Фонд международного книгообмена   1-4824005 Доставлен в Фoнд Дар 300.00
Книга 26.05.2015 РНБ (Фонтанка) РНБ (Фонтанка) Юношеский читальный зал Ю Рус/О-77 1-459477   Источник неизвестен